00388 a2200097 4500001001000000005001700010008004100027245006700068100002300135773013200158ART_4274420260410161737.0260409a 10aA.F.J.P. medición y evaluación de la perfomance financiera1 aMarcel, Alberto E.0 tEjecutivos de finanzasgA.F.J.P. Medición y evaluación de la perfomance financiera - Año 12, Nº 131 (nov. 1996)wREV2863